The U.S. State Bordering These States #1 - Statistics

General Stats
  • This quiz has been taken 22 times
  • The average score is 8 of 10
Answer Stats
Hint Answer % Correct
Arizona, California Nevada
100%
Louisiana, New Mexico Texas
100%
Maine, Massachusetts New Hampshire
94%
South Carolina, Virginia North Carolina
94%
Washington, Wyoming Idaho
89%
Ohio, Tennessee Kentucky
89%
Ohio, Wisconsin Michigan
83%
New York, Pennsylvania New Jersey
72%
Illinois, South Dakota Iowa
61%
Missouri, Georgia Tennessee
61%
No matching quizzes found
Score Distribution
Percent of People with Each Score
Percentile by Number Answered
Your Score History
You have not taken this quiz